| 000 | 00676nam a22002177a 4500 | ||
|---|---|---|---|
| 999 |
_c6252 _d6252 |
||
| 003 | AR-CdUCM | ||
| 008 | 190314b ||||| |||| 00| 0 spa d | ||
| 040 |
_aMUNICIPALIDAD PROVINCIAL DEL CUSCO _cBIBLIOTECA MUNICIPAL DEL CUSCO |
||
| 082 |
_a801 / _bP12 |
||
| 100 |
_aPacheco Farfán, Juvenal _96730 |
||
| 245 |
_aHarawikuna Hamt'anapaq : _bPoesías para pensar / |
||
| 260 |
_aCusco : _bJL, _c2011. |
||
| 300 |
_a117 páginas ; _bIlustraciones en color, _c21 cm. |
||
| 505 | _aContenido : Poesías para pensar | ||
| 650 |
_aPoesía _9444 |
||
| 650 |
_aQuechua _92063 |
||
| 650 |
_aCusco _9772 |
||
| 650 |
_aPoetas cusqueños _95956 |
||
| 942 |
_2ddc _cLIBROS |
||
| 945 | _admma | ||